| 000 | 03563nam0a22004931 4500 | ||
|---|---|---|---|
| 001 | v19\rc\2103653 | ||
| 005 | 20260408063534.0 | ||
| 035 | _a(NLR Aleph) 005278645 | ||
| 090 |
_a6074812 _c6074812 |
||
| 100 | _a20090914d1805 |||y0rusy50 ca | ||
| 101 | 1 |
_arus _ager _cger |
|
| 102 | _aRU | ||
| 135 | _acrcn 024anaba | ||
| 140 | _ay y ka yaa0000 | ||
| 200 | 1 |
_aПримечания о распространяющемся повсюду недостатке в лесу, как и о удобном употреблении искуснаго к топлению навознаго торфа _fот доктора Франца Буттаца |
|
| 210 |
_aВ Санктпетербурге _cпечатано в типографии Шнора _d1805 |
||
| 215 |
_a32, 30, [2] с. _d8° |
||
| 300 | _aТекст на нем. (1-я паг.) и рус. (2-я паг.) яз. | ||
| 300 | _aИмеется также тит. л. на нем. яз.: Bemerkungen über den sich überall verbreitenden Holzmangel und über den zweckmässigen künstlichen Mist-Torf zur Feuerung / Von Doctor Franz Bouttatz/ - St. Petersburg : Gedruckt in der Schnoorschen Buchdruckerey, 1805 | ||
| 300 | _aЦенз.: С дозволения цензуры (тит. л.) | ||
| 300 | _aНа с.3 2-й паг. посвящ. авт. Александру I с подписью: Франц Буттац. Такое же посвящ. на нем. яз. на с.3 1-й паг. | ||
| 309 | _aОписано по тит. л. на рус. яз. (с.1 2-й паг.) | ||
| 316 |
_aЭкз. РНБ (18.100.1.371) в картон. пер., обтянутом серо-голубым атласным шелком. На крышках пер. золотом вытиснена рамка. Корешок гладкий. Обрез золотой. Форзац и нахзац из мрамор. бумаги. На форзаце ярлык с шифром РНБ. На нахзаце техн. штамп. На с.1 первой паг. (тит. л. на нем. яз.), с.15 и 30 2-й паг. круглый штамп ГПБ. Размер: 20х12,2х1,1 см. _5NLR: 18.100.1.371 |
||
| 321 | 1 | _aСК 1801-1825 889 | |
| 325 | _aКопия доступна в Электрон. б-ке РНБ | ||
| 513 | 1 |
_aBemerkungen über den sich überall verbreitenden Holzmangel und über den zweckmässigen künstlichen Mist-Torf zur Feuerung _zger |
|
| 700 | 1 |
_7ca _8rus _aБуттац _bФ. И. _f1775- _gФранц Иванович _9185454 _3RU\NLR\AUTH\770185505 |
|
| 702 | 0 |
_4280 _7ca _8rus _aАлександр _cимператор российский _dI _f1777-1825 _9115306 _3RU\NLR\AUTH\775342 |
|
| 712 | 0 | 0 |
_4610 _7ba _aШнор, _cПетербург _gИ. K., _hтипография _9569792 _3RU\NLR\AUTH\8810035686 |
| 801 | 0 |
_aRU _bNLR _c20090914 _gpsbo |
|
| 801 | 1 |
_aRU _bProSoft-M _c20090914 _2rusmarc |
|
| 801 | 2 |
_aRU _bNLR _c20120403 _2rusmarc |
|
| 852 |
_aNLR _j18.100.1.371 |
||
| 942 | _cBOOK | ||
| 980 | _aNB | ||
| 980 | 3 | _akpcivil2020 | |
| 980 | 3 | _akp2020 | |
| 980 | 3 | _akp | |
| 981 | 2 | 2 |
_a(22) Материалы по истории России _b(22) Культура. Наука. Просвещение. |
| 981 | 2 | 0 |
_a(20) Книжные памятники РНБ _b(20) Русский книжный фонд |